000 00233 a2200097 4500
001 34993
100 _aBlake
245 _aJane's Radar & Electronic Warfare system
260 _aU.K
_bJane Information Group
_c
090 _c23145
_d23145
942 _aNUST-CAE
_cM
_c14609
999 _c270066
_d270066